Directory of population experts in Asia and the pacific : (Record no. 2741)

MARC details
000 -LEADER
fixed length control field 006300000a22001690004500
005 - DATE AND TIME OF LATEST TRANSACTION
control field 20240131221453.0
008 - FIXED-LENGTH DATA ELEMENTS--GENERAL INFORMATION
fixed length control field 230817t ||||| |||| 00| 0 eng d
942 ## - ADDED ENTRY ELEMENTS (KOHA)
Item Type Books
110 ## - MAIN ENTRY--CORPORATE NAME
Corporate Name United Nations. Economic and social commission for Asia and the Pacific. population division.
245 ## - TITLE STATEMENT
Title Directory of population experts in Asia and the pacific :
Sub Title 1987 supplement
260 ## - PUBLICATION, DISTRIBUTION, ETC. (IMPRINT)
Place of Publication Bangkok :
Name of Publisher Economic and social commission for Asia and the pacific,
Date of Copyright 1987
300 ## - PHYSICAL DESCRIPTION
Extent xxvi, 323 p. ; 31 cm.
650 ## - SUBJECT ADDED ENTRY--TOPICAL TERM
Topical Term Country and area codes
650 ## - SUBJECT ADDED ENTRY--TOPICAL TERM
Topical Term Directory
650 ## - SUBJECT ADDED ENTRY--TOPICAL TERM
Topical Term List of Acronyms
650 ## - SUBJECT ADDED ENTRY--TOPICAL TERM
Topical Term List of Fields of specialization
Holdings
Withdrawn status Lost status Source of classification or shelving scheme Damaged status Not for loan Permanent location Current location Date acquired Total Checkouts Barcode Date last seen Price effective from Koha item type
    Dewey Decimal Classification     Resource center, Muslim Women's Research And Action Forum Resource center, Muslim Women's Research And Action Forum 2023-08-17   RAF1682 2023-08-17 2023-08-17 Books

Copyright © 2023 Muslim Women's Research and Action Forum (MWRAF), No 27/3, Anderson Road, Kalubowila, Dehiwela. Funded by The Asia Fundation